000 00521nam a22002057a 4500
003 UA-OsUOA
001 119984
007 ta
008 20161202b un ||||| |||| 00| 0 ukr d
100 _aУкраїнка Л.
090 _a821.161.2
_bУ45
942 _cBK
040 _aUA-OsUOA
_cUA-OsUOA
_dUA-OsUOA
245 _aИзбранное
300 _a424 С.
955 _a3
080 _a821.161.2
260 _aМ.
_bПравда
_c1984
650 7 _a82 Література. Літературознавство
_2UDC
999 _c406070
_d406070